<?xml version="1.0" encoding="UTF-8"?>
<record
    xmlns:xsi="http://www.w3.org/2001/XMLSchema-instance"
    xsi:schemaLocation="http://www.loc.gov/MARC21/slim http://www.loc.gov/standards/marcxml/schema/MARC21slim.xsd"
    xmlns="http://www.loc.gov/MARC21/slim">

  <leader>00956nam a22002417a 4500</leader>
  <controlfield tag="005">20250805114650.0</controlfield>
  <controlfield tag="008">240201b           ||||| |||| 00| 0 eng d</controlfield>
  <datafield tag="020" ind1=" " ind2=" ">
    <subfield code="a">9789393168368</subfield>
  </datafield>
  <datafield tag="040" ind1=" " ind2=" ">
    <subfield code="c">AL</subfield>
  </datafield>
  <datafield tag="041" ind1=" " ind2=" ">
    <subfield code="a">eng</subfield>
  </datafield>
  <datafield tag="082" ind1=" " ind2=" ">
    <subfield code="2">23</subfield>
    <subfield code="a">575.1</subfield>
    <subfield code="b">SINF</subfield>
  </datafield>
  <datafield tag="100" ind1=" " ind2=" ">
    <subfield code="a">B D Singh</subfield>
    <subfield code="9">233975</subfield>
  </datafield>
  <datafield tag="245" ind1=" " ind2=" ">
    <subfield code="a">Fundamentals of Genetics Ed 6</subfield>
  </datafield>
  <datafield tag="250" ind1=" " ind2=" ">
    <subfield code="a">6</subfield>
  </datafield>
  <datafield tag="260" ind1=" " ind2=" ">
    <subfield code="a">New Delhi</subfield>
    <subfield code="b">Med Tech Science Press</subfield>
    <subfield code="c">2024</subfield>
  </datafield>
  <datafield tag="300" ind1=" " ind2=" ">
    <subfield code="a">xxx,702p.</subfield>
    <subfield code="b">PB</subfield>
    <subfield code="c">24x18cm.</subfield>
  </datafield>
  <datafield tag="365" ind1=" " ind2=" ">
    <subfield code="2">Biotechnology</subfield>
    <subfield code="a">ABID/0745/24</subfield>
    <subfield code="b">521.25</subfield>
    <subfield code="c">&#x20B9;</subfield>
    <subfield code="d">695.00</subfield>
    <subfield code="e">25%</subfield>
    <subfield code="f">25-01-2024</subfield>
  </datafield>
  <datafield tag="520" ind1=" " ind2=" ">
    <subfield code="a">Fundamentals of Genetics By B.D. Singh, CONTENTS : Section-1. General History, Section-2. Cytology and Cytogenetics, Section-3. Transmission Genetics, Section-4. Molecular Genetics, Section-5. Population and Evolutionary Genetics, Section-5. Glossary and Appendices, Glossary.</subfield>
  </datafield>
  <datafield tag="650" ind1=" " ind2=" ">
    <subfield code="a">Cytology</subfield>
    <subfield code="9">149434</subfield>
  </datafield>
  <datafield tag="650" ind1=" " ind2=" ">
    <subfield code="a">Molecular Genetics</subfield>
    <subfield code="9">149435</subfield>
  </datafield>
  <datafield tag="650" ind1=" " ind2=" ">
    <subfield code="a">Transmission Genetics</subfield>
    <subfield code="9">149436</subfield>
  </datafield>
  <datafield tag="942" ind1=" " ind2=" ">
    <subfield code="2">ddc</subfield>
    <subfield code="c">REF</subfield>
  </datafield>
  <datafield tag="999" ind1=" " ind2=" ">
    <subfield code="c">229707</subfield>
    <subfield code="d">229707</subfield>
  </datafield>
  <datafield tag="952" ind1=" " ind2=" ">
    <subfield code="0">0</subfield>
    <subfield code="1">0</subfield>
    <subfield code="2">ddc</subfield>
    <subfield code="4">0</subfield>
    <subfield code="7">3</subfield>
    <subfield code="8">BT</subfield>
    <subfield code="a">AL</subfield>
    <subfield code="b">AL</subfield>
    <subfield code="c">RS</subfield>
    <subfield code="d">2024-01-30</subfield>
    <subfield code="e">Academic Book Distributors, Ramanagaram 562159</subfield>
    <subfield code="g">521.00</subfield>
    <subfield code="l">0</subfield>
    <subfield code="o">575.1 SINF</subfield>
    <subfield code="p">077068</subfield>
    <subfield code="r">2024-02-01 00:00:00</subfield>
    <subfield code="v">695.00</subfield>
    <subfield code="w">2024-02-01</subfield>
    <subfield code="y">REF</subfield>
  </datafield>
</record>
